Episodios y personajes del Evangelio

Tallennettuna:
Bibliografiset tiedot
Päätekijä: Zuffi, Stefano (Tekijä)
Aineistotyyppi: Kirja
Kieli:espanja
Julkaistu: Barcelona Electa 2003
Sarja:Los Diccionarios del Arte
Aiheet:
Tagit: Lisää tagi
Ei tageja, Lisää ensimmäinen tagi!

MARC

LEADER 00000nam a2200000 a 4500
001 UCL4645
003 CL-VaPUC
008 040123e20030000SP |||||||||||||||||spa|d
020 |a 848156348X 
082 0 4 |a 246  |b ZUF  |2 21 
100 0 |a Zuffi, Stefano  |e author  |9 482283 
245 1 0 |a Episodios y personajes del Evangelio 
300 |a 384 P 
942 |c BK 
945 |d 20040123 00:00:00  |a cmena 
260 |a Barcelona  |b Electa  |c 2003 
650 0 |a Arte cristiano  |9 265204 
650 0 |a Textos sagrados   |9 257605 
650 7 |a PERSONAJES BIBLICOS  |2 CL-VaPUC  |9 478621 
583 |a last modification  |c 20040123 00:00:00  |k Rodrigo Vera 
490 0 |a Los Diccionarios del Arte 
999 |c 307458  |d 307456 
952 |0 0  |1 0  |4 0  |6 246_000000000000000_ZUF_2003  |7 0  |8 F  |9 373429  |a BIBTEO  |b BIBTEO  |d 2019-11-21  |i 397796K  |o 246 ZUF 2003  |p 397796K  |r 2025-01-17  |w 2019-11-21  |y BK_F  |k ICR